000 00670nam a22002417a 4500
003 UA-OsUOA
001 53436
007 ta
008 20151022b un ||||| |||| 00| 0 ukr d
100 _aОрленко О.
090 _a09.-82
_bО-66
942 _cBR
040 _aUA-OsUOA
_bukr
_cUA-OsUOA
_dUA-OsUOA
245 _aШевченко проти Москви
300 _a36 с.
955 _a4
041 _aukr
080 _a09.-82
260 _aЧужина
_c1949
650 7 _a0 Загальний відділ.
_2UDC
999 _c433553
_d433553